000 01291nam a2200361 i 4500
001 000033526
003 DO-SdBNP
005 20260406103036.0
007 ta
008 100219s1980 dr r 000 0 spa d
040 _aDO-SdBNP
_bspa
_cBNPHU
_erda
041 _aspa
082 4 _a342
_bA516n 1980
_222
100 1 _aAmiama, Manuel A.,
_d1899-1991
_eautor
_4aut.
_98438
245 1 0 _aNotas de derecho constitucional /
_cManuel A. Amiama ; prólogo, Juan Tomás Mejía Feliú.
250 _atercera edición
264 1 _aSanto Domingo :
_bPublicaciones ONAP,
_c©1980.
300 _a236 páginas ;
_c22 cm.
336 _atexto
_btxt
_2rdacontent
337 _asin mediación
_bn
_2rdamedia
338 _avolumen
_bnc
_2rdacarrier
490 1 _aEstudios jurídicos
_v1
500 _a
504 _aBibliografía : páginas 235-236
590 _aInventariado, 2018/BT
650 4 _aDerecho constitucional
_910314
651 4 _aRepública Dominicana
_xDerecho constitucional
_99303
651 4 _aRepública Dominicana
_xConstitución
_91008
700 1 2 _aMejía Feliú, Juan Tomás,
_eprologuista
_4pr.
_923984
710 1 2 _aRepública Dominicana.
_bOficina Nacional de Administración y Personal
_926398
910 _aVmateo / Validado. Control de calidad. EMS
942 _2ddc
_cLBS1
999 _c33017
_d33017